000 00663nam a2200217 a 4500
005 20210223132329.0
008 140407s2005 br r 000 0 spa d
020 _a8506047366
035 _aUPN01000196874
049 _aI
050 4 _aPZ76.3
_bC3.36
100 1 _aCárcamo, Gonzalo,
_d1954-
_935502
245 1 3 _aLa cobra embustera /
_cCárcamo ; tr. Alberto Jiménez Rioja.
260 _aSao Paulo :
_bMelhoramentos,
_cc2005.
300 _a31 p. :
_bil. col.
534 _pTítulo original:
_tAs lorotas de cobra Gabi
650 4 _aCUENTOS INFANTILES CHILENOS
_911282
650 4 _aCUENTOS HUMORISTICOS
_911283
905 _aInfantil
999 _c168975
_d168975